Pueblo vasco y soberanía : aproximación histórica y reflexión ética /

Saved in:
Bibliographic Details
Main Author: Garmendia, Francisco, 1946-
Other Authors: Setién Alberro, José Ma. 1928-
Format: Book
Language:Spanish
Published: Lasarte-Oria [Spain] : Etor Ostoa, [2003?]
Series:Etica y convivencia.
Subjects:
Tags: Add Tag
No Tags, Be the first to tag this record!
LEADER 01012cam a22003014a 4500
001 009350071-8
005 20040408124812.0
008 030925s2003 sp b 000 0 spa
010 |a  2003507780 
020 |a 8488960956 
035 0 |a ocm54806007 
040 |a DLC  |c DLC  |d DLC 
042 |a pcc 
043 |a e-sp--- 
050 0 0 |a DP302.B55  |b G355 2003 
082 0 0 |a 32054/0946/6  |2 22 
100 1 |a Garmendia, Francisco,  |d 1946- 
245 1 0 |a Pueblo vasco y soberanía :  |b aproximación histórica y reflexión ética /  |c [Francisco Garmendia, José Ma. Setién Alberro]. 
260 |a Lasarte-Oria [Spain] :  |b Etor Ostoa,  |c [2003?] 
300 |a 195 p. ;  |c 23 cm. 
490 1 |a Etica y convivencia 
504 |a Includes bibliographical references. 
650 0 |a Nationalism  |z Spain  |z País Vasco. 
651 0 |a País Vasco (Spain)  |x History  |x Autonomy and independence movements. 
700 1 |a Setién Alberro, José Ma.  |q (José María),  |d 1928- 
830 0 |a Etica y convivencia. 
988 |a 20040504 
906 |0 DLC